| Поле | Название | Значение |
| |
Тип записи |
a |
| |
Библиографический уровень |
m |
| 001 |
Контрольный номер |
RU/IS/BASE/368274842 |
| 005 |
Дата корректировки |
20230707133341.7 |
| 010 |
Индекс ISBN |
__ |
| d |
Цена |
214-06 |
| 101 |
Язык документа |
0_ |
| a |
Язык текста |
rus |
| 200 |
Заглавие и сведения об ответственности |
1_ |
| a |
Заглавие |
Далёкая радуга |
| f |
Первые сведения об ответственности |
Аркадий и Борис Стругацкие ; звукорежиссёр Юлия Михайленко ; читает Евгений Хазов |
| b |
Общее обозначение материала |
Электронный ресурс |
| 205 |
Сведения об издании |
__ |
| b |
Дополнительные сведения об издании |
воспр. текста 1963 г. |
| 210 |
Выходные данные |
__ |
| a |
Место издания |
Москва |
| c |
Издательство |
Равновесие |
| c |
Издательство |
Вокруг света |
| d |
Дата издания |
2009 |
| 215 |
Физическое описание |
__ |
| a |
Объем |
1 электрон. опт. диск (CD-ROM) (4 ч. 54 мин.) |
| c |
Иллюстрации/тип воспроизводства |
зв. |
| 225 |
Серия (Журнальная рубрика) |
__ |
| a |
Серия (Журнальная рубрика) |
Аудиокнига |
| 225 |
Серия (Журнальная рубрика) |
__ |
| a |
Серия (Журнальная рубрика) |
Полдень. XXI век |
| 225 |
Серия (Журнальная рубрика) |
__ |
| a |
Серия (Журнальная рубрика) |
Комфортное чтение |
| 300 |
Общие примечания |
__ |
| a |
Общие примечания |
Систем. требования: Pentium-II, 256 МБ ОЗУ, CD/DVD-ROM, 98/2000/XP, звуковая карта, колонки аудиосистемы с поддержкой формата MP3 |
| 300 |
Общие примечания |
__ |
| a |
Общие примечания |
Загл. с контейнера |
| 606 |
Тематические рубрики |
__ |
| a |
Основная рубрика |
Художественная литература |
| 606 |
Тематические рубрики |
__ |
| a |
Основная рубрика |
Русская литература XX в. (произведения) |
| 610 |
Ключевые слова |
__ |
| a |
Ключевые слова |
говорящая книга |
| a |
Ключевые слова |
русская советская литература |
| 686 |
Индексы других классификаций |
__ |
| a |
Индекс ББК |
84(2Рос=Рус)6-4я04 |
| 700 |
Автор |
_1 |
| a |
Фамилия |
Стругацкий |
| b |
Имя |
А. Н. |
| f |
Даты |
1925-1991 |
| g |
Полное личное имя |
Аркадий Натанович |
| 701 |
Альтернативная интеллектуальная ответственность (другие авторы) |
_1 |
| a |
Фамилия |
Стругацкий |
| b |
Имя |
Б. Н. |
| g |
Полное личное имя |
Борис Натанович |
| 801 |
Источник записи |
_0 |
| a |
Страна |
RU |
| b |
Организация |
Центральная районная библиотека им. Г. А. Пирожникова |
| g |
Правила каталогизации |
ОКиО/Кашаева |
| 801 |
Источник записи |
_1 |
| a |
Страна |
RU |
| b |
Организация |
Центральная районная библиотека им. Г. А. Пирожникова |
| g |
Правила каталогизации |
ОКиО/Кашаева |
| 852 |
Данные о местонахождении |
__ |
| j |
Шифр хранения |
84(2Рос=Рус)6 |
| i |
Авторский знак |
С 87 |
| b |
Сигла хранения |
ООЧ; 8; 12; 14; 16; 18; 22; 24; 26; 29 |
| 901 |
Тип документа |
__ |
| t |
Тип документа |
m |
| 905 |
Дата создания БЗ |
__ |
| a |
Дата создания БЗ |
2011.09.08 |
| 990 |
Данные о заказе (DOS) |
__ |
| j |
Количество экземпляров (DOS) |
10 |
| h |
N записи в КСУ для Б/У (DOS) |
2011-8 |